000 00832cam a22002171 4500
001 pa 60000034
003 DLC
005 20260227111855.0
008 780321s1959 dcu i000 0 eng c
010 _apa 60000034
040 _aPan American Union. Library
_cWMaUCS
_dDLC
050 0 0 _aKZ6368
_b.I578 1959
082 0 0 _a341.65
110 2 _aInter-American Juridical Committee.
245 1 0 _aInstrument relating to violations of the principle of non-intervention.
_bDraft and report prepared in accordance with Resolution VII of the fifth Meeting of Consultation of Ministers of Foreign Affairs.
260 _aWashington,
_bPan American Union,
_c1959.
300 _a29 p.
_c28 cm.
490 1 _aCIJ-51 (English)
650 0 _aIntervention (International law)
810 2 _aInter-American Council of Jurists.
_tCIJ, English,
_v51.
999 _c51428
_d51428